000 00732cam1a220018100 4500
001 zam00006067
008 970717n xx eng u
035 _a(Sirsi) r136067
040 _dUPRA
100 _aBourguignon, Francis; Morrison, Christian.
_6A108644.1
245 1 0 _aExternal Trade and Income distribution.
260 _aParis :
_bOECD,
_c1989.
520 _aBased on six case studies, the book suggests that exports can help to even out inequalities and relieve poverty.
650 4 _aTrade.
_6S75432.1
650 4 _aInternational Trade -- Income Distribution//structural adjustment/.
_xInternational Trade -- Income Distribution//structural adjustment/.
_6S81781.1
949 1 0 _mINESOR
_tBOOK
_lON-SHELF
004 136067
999 _c24396
_d24396